| 000 | 00487nam a2200181Ia 4500 | ||
|---|---|---|---|
| 005 | 20250423100322.0 | ||
| 008 | 250422s9999 xx 000 0 und d | ||
| 020 | _a0619185945 | ||
| 050 | _aHF 5548.4 .M525 N49/ | ||
| 100 | _aParsons, June Jamrich. | ||
| 245 | 0 | _aNew perspectives on Microsoft Office XP | |
| 250 | _aXP ed. | ||
| 260 | _aBoston | ||
| 260 | _bCourse Technology | ||
| 260 | _cc2003. | ||
| 650 | _a Microsoft Office. Business --Computer programs. | ||
| 942 | _cBK | ||
| 999 |
_c32940 _d32940 |
||